Excellence in design, (Record no. 34708)

MARC details
000 -LEADER
fixed length control field 01112cam a22002891 4500
001 - CONTROL NUMBER
control field hew67000108
003 - CONTROL NUMBER IDENTIFIER
control field DLC
005 - DATE AND TIME OF LATEST TRANSACTION
control field 20260227111516.0
008 - FIXED-LENGTH DATA ELEMENTS--GENERAL INFORMATION
fixed length control field 820217s1967 dcu f000 0 eng c
010 ## - LIBRARY OF CONGRESS CONTROL NUMBER
LC control number hew67000108
035 ## - SYSTEM CONTROL NUMBER
System control number (OCoLC)8161608
040 ## - CATALOGING SOURCE
Original cataloging agency U.S. Dept. of Health, Education, and Welfare. Library
Transcribing agency GAuA
Modifying agency DLC
042 ## - AUTHENTICATION CODE
Authentication code premarc
043 ## - GEOGRAPHIC AREA CODE
Geographic area code n-us---
050 00 - LIBRARY OF CONGRESS CALL NUMBER
Classification number L112
Item number .A264
110 1# - MAIN ENTRY--CORPORATE NAME
Corporate name or jurisdiction name as entry element United States.
Subordinate unit Office of Education.
245 10 - TITLE STATEMENT
Title Excellence in design,
Remainder of title a new potential on the American campus: the 1966 awards program,
Statement of responsibility, etc. sponsored by Office of Education, U.S. Dept. of Health, Education, and Welfare, the American Institute of Architects [and] Educational Facilities Laboratories.
260 ## - PUBLICATION, DISTRIBUTION, ETC.
Place of publication, distribution, etc. [Washington,
Date of publication, distribution, etc. 1967]
300 ## - PHYSICAL DESCRIPTION
Extent iv, 17 p.
Dimensions 22 cm.
500 ## - GENERAL NOTE
General note "OE-51014."
500 ## - GENERAL NOTE
General note Includes five addresses and a list of the awards.
650 #0 - SUBJECT ADDED ENTRY--TOPICAL TERM
Topical term or geographic name entry element College buildings
Geographic subdivision United States.
650 #0 - SUBJECT ADDED ENTRY--TOPICAL TERM
Topical term or geographic name entry element Architecture
Form subdivision Designs and plans.
650 #0 - SUBJECT ADDED ENTRY--TOPICAL TERM
Topical term or geographic name entry element Campus planning.
710 2# - ADDED ENTRY--CORPORATE NAME
Corporate name or jurisdiction name as entry element American Institute of Architects.
710 2# - ADDED ENTRY--CORPORATE NAME
Corporate name or jurisdiction name as entry element Educational Facilities Laboratories.

No items available.

Powered by Koha